L'Economia de Sabadell : estructura, diagnòstic, perspectives / Muriel Casals Couturier, Josep Ma. Vidal Villa estructura, diagnòstic, perspectives / Muriel Casals Couturier, Josep Ma. Vidal Villa
ISBN:
84-500-8416-4
Descripción Física:
94 p. : taules ; 21 cm
Colección:
Quatre cantons ; 1
MARC
| LEADER | 00000nam a2200000Ia 4500 | ||
|---|---|---|---|
| 001 | 19624 | ||
| 008 | 160829s1983 xx 000 0 cat d | ||
| 020 | |a 84-500-8416-4 | ||
| 080 | |a M-5-462 | ||
| 100 | |a Casals i Couturier, Muriel |9 47275 | ||
| 245 | |a L'Economia de Sabadell : |b estructura, diagnòstic, perspectives / Muriel Casals Couturier, Josep Ma. Vidal Villa | ||
| 260 | |a Sabadell : |b Vimusa : |b Ajuntament de Sabadell, |c 1983 | ||
| 300 | |a 94 p. : |b taules ; |c 21 cm | ||
| 490 | |a Quatre cantons ; 1 | ||
| 590 | |a Prové de S-624. | ||
| 590 | |a Edició resumida | ||
| 650 | |a Economia submergida |x Sabadell |9 47276 | ||
| 650 | |a Sabadell |x Condicions econòmiques |9 40174 | ||
| 700 | 1 | |a Vidal Villa, José María |9 27976 | |
| 700 | |a Vimusa |9 47277 | ||
| 710 | 1 | |a Sabadell (Catalunya). |b Ajuntament |9 51464 | |
| 901 | |a Arxiu | ||
| 942 | |n 1 | ||
| 952 | |0 0 |1 0 |4 0 |6 M5462 |7 1 |9 53792 |a Arxiu |b Arxiu |d 2016-12-01 |l 0 |o M-5-462 |p 19624 |r 2016-12-01 00:00:00 |w 2016-12-01 |y ARXIU | ||
| 999 | |c 57658 |d 57658 | ||